Visualizzazione normale
Vista MARC
- Nocenzi Vittorio
di Personal Name
Records bibliografici associati: 1
001 - CONTROL NUMBER
- control field: 17361
003 - CONTROL NUMBER IDENTIFIER
- control field: IT-RoPau
005 - DATE AND TIME OF LATEST TRANSACTION
- control field: 20140324213309.0
008 - FIXED-LENGTH DATA ELEMENTS
- fixed length control field: 140324|| aca||aabn | a|a d
040 ## - CATALOGING SOURCE
- Original cataloging agency: IT-RoPau
- Transcribing agency: IT-RoPau
100 ## - HEADING--PERSONAL NAME
- Personal name: Nocenzi Vittorio
- Miscellaneous information: Codice autore musica SPICS: 28185
- Relator term: Autore musica
- Name of part/section of a work: Notte kamikaze - Ice Love - Black Out - When We-Touched Our Eyes - To the Fire - Mexico City - Lies In Your Eyes - Baby Jane
670 ## - SOURCE DATA FOUND
- Source citation: Work cat.: (IT-RoPau)99556: AA.VV. 794, Banco... e via